Typography basic principles: influences and trends since the 19th century

Gardado en:
Detalles Bibliográficos
Autor Principal: Lewis, John Noel Claude (Author)
Formato: Libro
Idioma:inglés
Publicado: Londres Studio Books 1967
Edición:2a. ed
Subjects:
Tags: Engadir etiqueta
Sen Etiquetas, Sexa o primeiro en etiquetar este rexistro!

MARC

LEADER 00000nam a2200000 a 4500
001 UCV8758
003 CL-VaPUC
008 911203e19670000UK |||||||||||||||||eng|d
082 0 4 |a 686.2  |b LEW  |2 21 
100 |a Lewis, John Noel Claude  |e author  |9 302776 
245 1 0 |a Typography basic principles: influences and trends since the 19th century 
250 |a 2a. ed 
300 |a 96 p 
942 |c BK 
945 |d 19911203 00:00:00 
260 |a Londres  |b Studio Books  |c 1967 
650 0 |a Imprenta  |9 265883 
583 |a last modification  |c 19911203 00:00:00  |k Rodrigo Vera 
999 |c 214221  |d 214219 
952 |0 0  |1 0  |4 0  |6 686_200000000000000_LEW_1967  |7 0  |8 A  |9 197398  |a BIBARQ  |b BIBARQ  |d 2019-11-14  |i 2650568  |o 686.2 LEW 1967  |p 2650568  |r 2025-01-20  |w 2019-11-14  |y BK  |k ARQ